[Event "Challenge"]
[Site "http://www.queenalice.com/game.php?id=6386"]
[Date "2005.3.6"]
[Round "-"]
[White "Sir_Grantis"]
[Black "Alsina"]
[Result "0-1"]
[WhiteElo "1500"]
[BlackElo "1614"]

1. Nf3 d5 2. e3 e6 3. c4 Nf6 4. d4 Bd6 5. g3 O-O 6. Bg2 b6 7. O-O Ba6 8. b3 Nc6
9. Nbd2 Qe7 10. Bb2 Rad8 11. Ne5 Bxe5 12. dxe5 Nd7 13. f4 Rfe8 14. Re1 Nb4 15.
Ba3 c5 16. Bxb4 cxb4 17. cxd5 exd5 18. Bxd5 Nxe5 19. fxe5 Rxd5 20. Qc1 Qxe5 21.
Nf3 Qe4 22. Nd2 Rxd2 23. Qxd2 Bb7 0-1

[Event "Challenge"]
[Site "http://www.queenalice.com/game.php?id=6391"]
[Date "2005.3.6"]
[Round "-"]
[White "Gatamorta"]
[Black "Sir_Grantis"]
[Result "0-1"]
[WhiteElo "1251"]
[BlackElo "1536"]

1. d4 Nf6 2. g3 e6 3. e3 c5 4. dxc5 Bxc5 5. b3 d5 6. Ba3 Qa5+ 7. Qd2 Qxd2+ 8.
Kxd2 b6 9. Bb5+ Bd7 10. Bxd7 Nbxd7 11. Bxc5 Nxc5 12. f3 Nfd7 13. Nc3 f5 14. b4
Nb7 15. Nb5 Kd8 16. a4 a6 17. Nd4 Re8 18. Nh3 h6 19. Nc6+ Kc7 20. Nd4 Nd6 21.
Nf4 Nf8 22. Nh5 Re7 23. b5 Ne8 24. bxa6 Rxa6 25. Nb5+ Kc6 26. Nd4+ Kb7 27. Rhb1
g6 28. Nf4 e5 29. Nxd5 Rd7 30. Nxb6 Rxb6 31. a5 Rxb1 32. Rxb1+ Ka7 33. Rb8 Kxb8
34. f4 exd4 35. exd4 Rxd4+ 36. Kc3 Ra4 37. Kb3 Rxa5 38. c4 Ne6 39. Kb4 Rc5 40.
Kc3 Nd6 41. Kb4 Rxc4+ 42. Kb3 Nc5+ 43. Kb2 Nde4 44. h4 Nxg3 45. Kb1 Na4 46. Ka2
Rc3 0-1

[Event "Challenge"]
[Site "http://www.queenalice.com/game.php?id=6399"]
[Date "2005.3.6"]
[Round "-"]
[White "jsiebel"]
[Black "Sir_Grantis"]
[Result "0-1"]
[WhiteElo "1129"]
[BlackElo "1429"]

1. e3 e5 2. d4 exd4 3. Qxd4 Nc6 4. Qe4+ Qe7 5. Nc3 Nf6 6. Qxe7+ Bxe7 7. Nh3 d5
8. Nf4 Nb4 9. Bd3 Nxd3+ 10. cxd3 c6 11. O-O g5 12. Nh3 Bxh3 13. gxh3 g4 14. hxg4
Nxg4 15. f3 Ne5 16. d4 Ng6 17. f4 Rg8 18. Kh1 Nh4 19. a4 Kd7 20. e4 dxe4 21.
Nxe4 f5 22. Nc5+ Bxc5 23. dxc5 Rg2 24. Rd1+ Kc7 25. Be3 Rxb2 26. a5 Nf3 27. Bg1
Rg8 28. Be3 Rxh2# 0-1

[Event "AUTO-OPEN-60"]
[Site "http://www.queenalice.com/game.php?id=6565"]
[Date "2005.3.9"]
[Round "1"]
[White "lavalplayer"]
[Black "Sir_Grantis"]
[Result "1-0"]
[WhiteElo "1602"]
[BlackElo "1406"]

1. e4 c5 2. f4 d5 3. exd5 Nf6 4. Bb5+ Bd7 5. Bxd7+ Qxd7 6. c4 e6 7. dxe6 Qxe6+
8. Qe2 Qxe2 9. Nxe2 Nc6 10. O-O O-O-O 11. Nbc3 Nd4 12. Nxd4 Rxd4 13. b3 g6 14.
h3 Bd6 15. g3 Rd3 16. Kg2 Re8 17. Rf3 Rxf3 18. Kxf3 a6 19. Bb2 Nd7 20. Ne4 Bf8
21. d4 Bg7 22. Nd6+ 1-0

[Event "AUTO-OPEN-60"]
[Site "http://www.queenalice.com/game.php?id=6566"]
[Date "2005.3.9"]
[Round "1"]
[White "Sir_Grantis"]
[Black "lavalplayer"]
[Result "1-0"]
[WhiteElo "1380"]
[BlackElo "1724"]

1. Nf3 Nf6 2. c4 g6 3. Nc3 Bg7 4. e4 d6 5. Be2 e5 6. d4 Nbd7 7. O-O O-O 8. Qc2
exd4 9. Nxd4 c5 10. Nf3 b6 11. Nd5 Bb7 12. Bf4 Bxd5 13. exd5 Qc7 14. Bd3 Rfe8
15. Rfe1 Ne5 16. Nxe5 dxe5 17. Bg3 Rad8 18. Re2 Nh5 19. Rae1 Nxg3 20. hxg3 f5
21. f3 Re7 22. g4 fxg4 23. f4 e4 24. Rxe4 Bd4+ 25. Kf1 Rxe4 26. Rxe4 Rf8 27. g3
g5 28. Qe2 h5 29. Re7 Qb8 30. Qe6+ Kh8 31. Qh6+ Kg8 32. Qh7# 1-0

[Event "AUTO-OPEN-60"]
[Site "http://www.queenalice.com/game.php?id=6583"]
[Date "2005.3.9"]
[Round "1"]
[White "Sir_Grantis"]
[Black "leeroy"]
[Result "1-0"]
[WhiteElo "1463"]
[BlackElo "1790"]

1. Nf3 d5 2. e3 Bg4 3. c4 Nf6 4. d4 Nbd7 5. Be2 e6 6. O-O b6 7. b3 Bd6 8. Bb2 h6
9. h3 Bh5 10. Nbd2 c6 11. g4 Nxg4 12. hxg4 Bxg4 13. cxd5 cxd5 14. Kg2 h5 15. Rh1
g5 16. Nh2 Bxe2 17. Qxe2 f5 18. f3 Bb4 19. Rac1 Rc8 20. Rxc8 Qxc8 21. Rc1 Qb8
22. Ndf1 Bd6 23. Rc6 Ke7 24. e4 fxe4 25. fxe4 dxe4 26. Qxe4 Nf6 27. Qe2 Rh7 28.
Nf3 Qb7 29. Qc4 b5 30. Qc1 Kd7 31. Rxd6+ Kxd6 32. Qc5+ Kd7 33. Qxg5 Ng4 34. Qg6
Kd6 35. Ba3+ Kd5 36. Qg5+ Ke4 37. Ng3+ 1-0

[Event "AUTO-OPEN-60"]
[Site "http://www.queenalice.com/game.php?id=6584"]
[Date "2005.3.9"]
[Round "1"]
[White "leeroy"]
[Black "Sir_Grantis"]
[Result "1-0"]
[WhiteElo "1774"]
[BlackElo "1411"]

1. d4 Nf6 2. c4 e6 3. a3 d5 4. c5 a5 5. Nc3 b6 6. cxb6 cxb6 7. Bg5 Be7 8. e3 O-O
9. Nf3 h6 10. Bh4 Ba6 11. Be2 Ne8 12. Bg3 Bd6 13. Rc1 Bxg3 14. hxg3 Bxe2 15.
Qxe2 Nd6 16. Ne5 Na6 17. Qg4 Kh7 18. Na4 Rc8 19. O-O Nb8 20. b3 b5 21. Nc5 Nf5
22. Nb7 Qe7 23. Nc5 Nd6 24. f3 Rc7 25. Kf2 Rfc8 26. Ned3 Nb7 27. b4 a4 28. Nxb7
Rxc1 29. Rxc1 Rxc1 30. Nxc1 Qxb7 31. Nd3 Qe7 32. f4 Nd7 33. Nc5 f5 34. Qe2 Nxc5
35. dxc5 Qd7 36. Qc2 Kg8 37. c6 1-0

[Event "Challenge"]
[Site "http://www.queenalice.com/game.php?id=7320"]
[Date "2005.3.19"]
[Round "-"]
[White "Sir_Grantis"]
[Black "appalachia"]
[Result "1-0"]
[WhiteElo "1500"]
[BlackElo "1058"]

1. Nf3 c5 2. c4 e6 3. Nc3 g6 4. e4 Bg7 5. d4 d6 6. dxc5 Bf8 7. cxd6 Bxd6 8. Qd4
f6 9. c5 e5 10. Qxd6 Qxd6 11. cxd6 Bd7 12. Nd5 Kf7 13. Nc7 Nc6 14. Nxa8 Nb4 15.
Kd1 Ke6 16. Nc7 Kxd6 17. Nd5 Ne7 18. Nxb4 b5 19. Be3 a5 20. Na6 Bc8 21. Bxb5
Bxa6 22. Bxa6 Rb8 23. b3 Nc6 24. Rc1 Nb4 25. Bc5+ Kc6 26. Bxb4+ Kb6 27. Bxa5+
Kxa5 28. Bc4 Kb4 29. Kc2 Ka3 30. Kb1 g5 31. Bd5 g4 32. Rc4 gxf3 33. Ra4# 1-0

[Event "Challenge"]
[Site "http://www.queenalice.com/game.php?id=8683"]
[Date "2005.4.3"]
[Round "-"]
[White "Sir_Grantis"]
[Black "Pentotal"]
[Result "0-1"]
[WhiteElo "1536"]
[BlackElo "2027"]

1. Nf3 d5 2. e3 Bf5 3. c4 e6 4. Qb3 Nc6 5. cxd5 Qxd5 6. Bc4 Qd3 7. Bxd3 Rb8 8.
Ba6 bxa6 9. Qa4 Ne7 10. b3 Rb4 11. Qxa6 Rb6 12. Qe2 Nb4 13. Na3 Bd3 14. Qd1 Nec6
15. Bb2 Ba6 16. d4 Nd3+ 17. Qxd3 Bxd3 18. Rc1 Ra6 19. Kd2 Bxa3 20. Bxa3 Be4 21.
Bc5 Rxa2+ 22. Ke1 Na5 23. Nd2 Rxd2 24. Kxd2 Nxb3+ 25. Ke2 Bxg2 26. Rb1 Bxh1 27.
Rxb3 Kd7 28. Ra3 Rb8 29. Rxa7 Rb2+ 30. Kd3 g5 0-1

[Event "Challenge"]
[Site "http://www.queenalice.com/game.php?id=9341"]
[Date "2005.4.10"]
[Round "-"]
[White "Sir_Grantis"]
[Black "Alsina"]
[Result "1/2-1/2"]
[WhiteElo "1530"]
[BlackElo "1867"]

1. Nf3 Nf6 2. c4 e6 3. d4 Bb4+ 4. Bd2 Bxd2+ 5. Qxd2 d5 6. e3 O-O 7. Nc3 Qe7 8.
cxd5 exd5 9. Bd3 Nc6 10. O-O Bg4 11. Be2 Ne4 12. Nxe4 dxe4 13. Ne1 Bxe2 14. Qxe2
Nb4 15. Nc2 a5 16. Nxb4 axb4 17. Qb5 c6 18. Qh5 Ra6 19. f3 g6 20. Qg4 f5 21. Qg3
Rfa8 22. fxe4 Qxe4 23. Rf4 Rxa2 24. Rxe4 Rxa1+ 25. Kf2 fxe4 26. Qd6 Rf8+ 27. Kg3
Rb1 28. Qe6+ Rf7 29. b3 Kf8 30. Qd6+ Re7 31. Qxb4 h5 32. Qd6 Rxb3 33. Kh4 Kf7
34. Qf4+ Kg7 35. g4 hxg4 36. Kxg4 Rb5 37. h4 Rd5 38. Kg3 1/2-1/2

[Event "Let's Play Chess!"]
[Site "http://www.queenalice.com/game.php?id=14550"]
[Date "2005.5.28"]
[Round "-"]
[White "Sir_Grantis"]
[Black "Boeing"]
[Result "0-1"]
[WhiteElo "1545"]
[BlackElo "1742"]

1. b3 e6 2. Bb2 Nc6 3. e3 e5 4. d4 exd4 5. exd4 Bb4+ 6. c3 Ba5 7. Bd3 Nxd4 8. b4
Qe7+ 9. Kf1 Bxb4 10. cxb4 Qxb4 11. Ba3 Qb6 12. Ne2 Ne6 0-1

[Event "Challenge"]
[Site "http://www.queenalice.com/game.php?id=15280"]
[Date "2005.6.4"]
[Round "-"]
[White "Sir_Grantis"]
[Black "volmar"]
[Result "1-0"]
[WhiteElo "1554"]
[BlackElo "1353"]

1. Nf3 b5 2. d4 Bb7 3. e3 Bxf3 4. Qxf3 Nc6 5. Bxb5 Nb4 6. Na3 e6 7. b3 g6 8. Bd2
Rb8 9. Be2 c5 10. dxc5 Bxc5 11. c3 Nc6 12. b4 Bf8 13. Nc2 a5 14. a3 Nh6 15. O-O
g5 16. e4 Rg8 17. Qh5 g4 18. Bxh6 Rh8 19. Bxf8 Kxf8 20. Bxg4 Qf6 21. Qh3 axb4
22. cxb4 Qg6 23. Qc3 Rg8 24. Bf3 Rb5 25. Rfd1 Ne5 26. a4 Nxf3+ 27. Qxf3 Rg5 28.
Ne3 h5 29. Rxd7 Ke8 30. Rad1 Kf8 31. Rd8+ Kg7 32. Rxg8+ Kxg8 33. Rd8+ Kg7 34. h4
Re5 35. Rd4 f5 36. exf5 exf5 37. Rd7+ Kf6 38. Rd6+ Ke7 39. Rxg6 1-0

[Event "Challenge"]
[Site "http://www.queenalice.com/game.php?id=15281"]
[Date "2005.6.4"]
[Round "-"]
[White "volmar"]
[Black "Sir_Grantis"]
[Result "0-1"]
[WhiteElo "1357"]
[BlackElo "1566"]

1. g4 d5 2. e3 e5 3. d4 exd4 4. exd4 Qe7+ 5. Kd2 Qf6 6. Qe2+ Be7 7. Nc3 Qxd4+ 8.
Ke1 Bxg4 9. Qb5+ Nd7 10. Qxb7 Rb8 11. Qxd5 Qxd5 12. Nxd5 Bd6 13. Be3 Rxb2 14.
Bd4 Rxc2 15. Bxg7 Be5 16. Bxh8 Bxh8 17. Rb1 Be6 18. Nb4 Bc3+ 19. Kd1 Rxf2 20.
Ne2 Be5 21. h4 Bf5 22. Rc1 Be4 23. Rg1 Ne7 24. Kd2 Rh2 25. Rg4 Bf3 26. Rgc4 Bd6
27. Ke1 Bxe2 28. Bxe2 Rh1+ 29. Kf2 Rxc1 30. Rxc1 Bxb4 31. Rxc7 Bc5+ 32. Kf1 Bb6
33. Rb7 Kd8 34. a4 f5 35. Kg2 Nc5 36. Rb8+ Nc8 37. Bd3 Nxd3 38. Rb7 h6 39. Rh7
h5 40. Rh6 Nf4+ 41. Kf3 Bc7 42. a5 Be5 43. a6 Kc7 44. Ke3 Nd6 45. Re6 Nxe6 0-1

[Event "Challenge"]
[Site "http://www.queenalice.com/game.php?id=18202"]
[Date "2005.7.2"]
[Round "-"]
[White "Be0wulf"]
[Black "Sir_Grantis"]
[Result "1-0"]
[WhiteElo "1722"]
[BlackElo "1586"]

1. c4 b6 2. Nf3 Bb7 3. d4 e6 4. Nc3 Bb4 5. Qd3 d5 6. cxd5 Bxd5 7. e4 Bb7 8. Qc2
Nf6 9. Bd3 c5 10. O-O Bxc3 11. bxc3 c4 12. Bxc4 Bxe4 13. Qa4+ Bc6 14. Bb5 Bxb5
15. Qxb5+ Qd7 16. Qb4 Nc6 17. Qa3 Rc8 18. Re1 Ne7 19. Ne5 Qc7 20. Qa4+ Nd7 21.
Ba3 Nd5 22. Rac1 Nf4 23. d5 Nxd5 24. c4 Nf6 25. Kh1 Rd8 26. c5 1-0

[Event "Challenge"]
[Site "http://www.queenalice.com/game.php?id=18268"]
[Date "2005.7.3"]
[Round "-"]
[White "CastleRook"]
[Black "Sir_Grantis"]
[Result "0-1"]
[WhiteElo "1349"]
[BlackElo "1600"]

1. Nf3 g6 2. g4 d5 3. g5 Bg7 4. d4 Bf5 5. e3 a6 6. Nc3 c5 7. dxc5 e6 8. Bd2 Nc6
9. Bd3 Bg4 10. h3 Bxf3 11. Qxf3 Qe7 12. Na4 Qxg5 13. Nb6 Rd8 14. e4 Nd4 15. Qd1
Qg2 16. Rf1 dxe4 17. Bc4 Nf3+ 18. Ke2 Rxd2+ 19. Qxd2 Nxd2 20. Kxd2 Qg5+ 21. Ke1
Qxc5 22. Na4 Qb4+ 23. c3 Qxc4 24. Nb6 Qb5 25. Nc8 Qc5 26. f3 Qe3+ 27. Kd1 Kd7
28. Re1 Qd3+ 29. Kc1 Bh6+ 0-1

[Event "Challenge"]
[Site "http://www.queenalice.com/game.php?id=25023"]
[Date "2005.8.20"]
[Round "-"]
[White "SGrillo"]
[Black "Sir_Grantis"]
[Result "1-0"]
[WhiteElo "1581"]
[BlackElo "1608"]

1. e4 c5 2. d3 Nc6 3. Nf3 g6 4. Be2 Bg7 5. O-O Nf6 6. Bg5 O-O 7. Nc3 d6 8. h3
Nd4 9. Nxd4 cxd4 10. Nb1 d5 11. Nd2 dxe4 12. Bxf6 exd3 13. Bxg7 dxe2 14. Qxe2
Kxg7 15. Nf3 f6 16. Rad1 e5 17. c3 Re8 18. cxd4 1-0